000 00856nam a2200289 a 4500
999 _c2553
_d2553
001 015541565
003 UkOxU
005 20230713145220.0
008 030206r20031997enk j 000 1 eng d
015 _aGB A3-Y0355
020 _a9780749649173
035 _aBNB2737.1353
040 _cOX/U-1
_dKH8
082 0 _a823.914 BRU
_221
100 1 _aBruce, Lisa.
_eAuthor
240 1 0 _aBig bed
245 1 0 _aMy new bed /
_cLisa Bruce & Susie Jenkin-Pearce.
260 _aLondon :
_bWatts,
_c2003.
300 _a[21] p. :
_bchiefly col. ill. ;
_c21 cm.
500 _aOriginally published: as Big bed. 1997.
650 0 _aBeds
_vJuvenile fiction.
650 0 _aCribs (Children's furniture)
_vJuvenile fiction.
650 0 _aSleeping customs
_vJuvenile fiction.
700 1 _aJenkin-Pearce, Susie.
_eAuthor
830 0 _aMe and my world
942 _2ddc
_cBK